| 000 | 00626nam a22001937a 4500 | ||
|---|---|---|---|
| 003 | OSt | ||
| 005 | 20251024015909.0 | ||
| 008 | 251014b |||||||| |||| 00| 0 eng d | ||
| 020 | _a978-1-4051-7099-4. | ||
| 040 |
_aDWCL-Main lib _cOC |
||
| 082 | _aCirc. 808.0661 M696w 2008 | ||
| 100 | _aMogck, Brian David | ||
| 245 |
_aWriting to reason : _ba companion for philosophy students and instructors |
||
| 260 |
_aMalden, Ma. : _bBlackwell Pub. _cc2008. |
||
| 300 |
_axxvi, 131 pages ; _c23 cm. |
||
| 504 | _aIncludes bibliographical references and index. | ||
| 650 | _21. Philosophy-Authorship. | ||
| 942 |
_2ddc _cBK-CIRC _kCirc. _n0 |
||
| 999 |
_c4872 _d4872 |
||